000 007550000a22002170004500
008 081031t xxu||||| |||| 00| 0 eng d
010 _aENG-84391
020 _a8131300420
020 _c595.00 (hb)
035 _aEN-67924
082 _a574.5
100 _aPandey, B N
245 _aBiodiversity and environment /
_cby B N Pandey and G K Kulkarni
260 _aNew Delhi
_bA P H Publishing
260 _c2006
300 _axv,246p
_c22cm
500 _aIncludes bibliographical references and index
700 _aKulkarni, G K
_cjt auth
942 _2ddc
_cEN
_h574.5
_mPAN
999 _c17725
_d17725